Responses for Show #3148 - Wednesday, April 15, 1998

Contestants

[<< previous game]

Julie Rovner, a journalist from Bethesda, Maryland

Don Wright, a Ph.D. candidate from New Orleans, Louisiana

Phil Ray, a graduate student from Lexington, Kentucky (whose 2-day cash winnings total $27,401)

[next game >>]

Jeopardy! Round responses

PRESIDENTIAL MONOGRAMS
4 EASY LIT QUESTIONS...
(Alex: In this category, we have [*], and one doozy, one tough one.)
NONPOTENT POTABLES
(Alex: An all-video category called...)
NAME THAT ARTIST
TV SHOWS ON TV SHOWS
CROSSWORD CLUES "G"
    $100 21
(Ulysses Simpson) Grant

Don
    $100 16
Hiawatha

Don
    $100 6
Gatorade

Julie
    $100 1
(Alex: The Creation of Adam, right.)

Michelangelo

Don
    $100 11
Washington, D.C.

Don
    $100 26
gloss

Don
    $200 22
Chester A. Arthur

Julie
    $200 17
The Old Man and the Sea

Don
    $200 7
cream soda

Phil
    $200 2
Van Gogh

Phil
    $200 12
Krusty the Klown

Don
    $200 27
gym

Don
    $300 23
William Henry Harrison

Don
    $300 18
(Don: Who is Updike?)

John Irving

DonJulie
    $300 8
chocolate

Julie
    $300 3
Botticelli

Julie
    $500 13
Tool Time

Don
    $300 28
gaffe

Julie
    $400 24
(Rutherford Birchard) Hayes

Don
    $400 19
(Alex: Those were pretty easy...)

The Naked and the Dead

Don
    $400 9
Seattle

Phil
    $400 4
David

Don
    $400 14
Garry Shandling

Phil
    $400 29
gesundheit

Don
    $500 25
Warren Gamaliel Harding

Phil
    $500 20
(Alex: I guess this is the tough one. What is [*]? Faulkner's work.)

Yoknapatawpha

Triple Stumper
    $500 10
seltzer

Triple Stumper
    $500 5
(Don: Who is Rembrandt?)

(Hieronymus) Bosch

PhilDon
    $500 15
Tom Arnold

Phil
    $500 30
[Laughter at the correct response]

goose

Triple Stumper

Scores at the first commercial break (after clue 14):

Phil Don Julie
$1,700 $800 $700

Scores at the end of the Jeopardy! Round:

Phil Don Julie
$2,700 $2,700 $1,500

Double Jeopardy! Round responses

WHERE ARE WE?
(Alex: You have to tell me the city.)
HOUSE OF PAIN
"S" & "M"
COMMON BONDS
FUN & GAMES
HOW DULL!
    $200 17
(Alex: Yes, got in there ahead of Don!)

New Orleans

Phil
    $200 16
boot camp

Don
    $200 26
the Sierra Madre

Don
    $200 11
glass

Julie
    $200 6
marbles

Phil
    $200 2
all work & no play

Don
    $400 18
Juneau

Don
    $400 22
a whipping boy

Phil
    $400 27
the Spanish Main

Phil
    $400 12
button

Julie
    $400 7
(Don: Who is Barbie?)

a wheelchair

DonJulie
    $400 1
a butter knife

Don
    $600 19
Baltimore

Julie
    $600 23
an iron maiden

Don
    $600 28
Santa Monica

Julie
    $1,000 13
(Julie: [Shakes head])

banks

Julie
    $600 8
Play-Doh

Don
    $600 3
lead

Phil
    $800 20
Pittsburgh

Julie
    $800 24
(Don: Who is Wilkie?)

Adlai Stevenson

DonJulie
    $800 29
Sid & Marty

Julie
    $800 14
things you shake

Julie
    $1,000 9
(Alex: [*], yeah. Boy, did I have a lot of fun with that one... a few decades ago.)

Pong

Don
    $800 4
(Julie: Who is Webster?)

(Samuel) Johnson

DonJulie
    $1000 21
Salt Lake City

Don
    $1000 25
(the Marquis) de Sade

Don
    $1000 30
St. Michael

Triple Stumper
    $1000 15
blades

Julie
    $1000 10
(Phil: What is charades?)

Twister

PhilDon
    $1000 5
(Don: Who is Yorick?)

Charles Dickens

Don
Triple Stumper

Scores at the end of the Double Jeopardy! Round:

Phil Don Julie
$3,500 $7,900 $6,100

[wagering suggestions for these scores]

Final Jeopardy! Round responses

INVENTORS
PhilWho is Cray?
$3,499
JulieWho is Wang? Cray?
$5,000
DonWho is Cray
$4,500
Seymour Cray

Final scores:

Phil Don Julie
$6,999 $12,400 $11,100
3rd place: PinSeeker's his or hers custom quality-made golf clubs with bag New champion: $12,400 2nd place: a trip to Plaza Las Glorias Mexico on Mexicana airlines

Game dynamics:

Coryat scores:

Phil Don Julie
$3,500 $7,500 $7,100
12 R,
1 W
26 R
(including 2 DDs),
5 W
16 R,
2 W
(including 1 DD)

Combined Coryat: $18,100

[game clues] [game scores] [suggest correction]

Game tape date: Unknown
The J! Archive is created by fans, for fans. Scraping, republication, monetization, and malicious use prohibited; this site may use cookies and collect identifying information. See terms. The Jeopardy! game show and all elements thereof, including but not limited to copyright and trademark thereto, are the property of Jeopardy Productions, Inc. and are protected under law. This website is not affiliated with, sponsored by, or operated by Jeopardy Productions, Inc. Join the discussion at JBoard.tv.